Psicología evolutiva de la infancia y de la adolescencia /

Guardado en:
Autor Principal: Engelmayer, Otto
Formato: Libro
Publicado: Buenos Aires : Kapelusz, 1970
Materias:
Etiquetas: Agregar Etiqueta
Sin Etiquetas, Sea el primero en etiquetar este registro!
LEADER 00735nam a22002295a 4500
001 CEM.cems002247
005 20060217000000.0
008 130507s1970##################000#0#####d
003 CEMS
082 0 4 |a 136.7 
100 1 |a Engelmayer, Otto 
245 1 0 |a Psicología evolutiva de la infancia y de la adolescencia / 
260 |a Buenos Aires :  |b Kapelusz,  |c 1970 
300 |a 299 p. 
505 0 |a pp.289-299. 
653 |a Juego 
653 |a Niños-cosmovision 
653 |a Niños-religiosidad 
653 |a Psicologia evolutiva 
859 |a CEMS  |b BIB. CEMS - 11 de abril  |h 136.7  |i En32  |p 11147.82  |t Ej.3 
859 |a CEMS  |b BIB. CEMS - 11 de abril  |h 136.7  |i En32  |p 2833.74  |t Ej.1 
859 |a CEMS  |b BIB. CEMS - 11 de abril  |h 136.7  |i En32  |p 3867.75  |t Ej.2